00851nam a2200241 a 450000100060000000300080000600500170001400800410003103500190007204000270009104100080011808200260012624501400015225000120029226000550030430000460035949000380040550400290044365000530047270000210052570000250054683000380057173580BD-RjUL20211209082419.0170604r1956 nyua b 001 0 eng d a(BD-RjUL)73798 aDLCcDLCdBD-RjULbeng aeng00a621.302bELE 195622300aElectrical engineers' handbook :b electric power /cprepared by a staff of specialists; Harold Pender and William A. Del Mar, editors. a4th ed. aNew York ;aLondon :bWiley,cc1949 [printed 1956] axiii, (various pagins.) :bill. ;c21 cm.0 aWiley engineering handbook series aIncludes bibliographies. 0aElectrical engineeringvHandbooks, manuals, etc. a Pender, Harold a Del Mar, William A. aWiley engineering handbook series